LEADER 01086nam a2200253 4500 001 000000337737 003 CaOOAMICUS 005 20191105112445.0 008 191105s1998 it 000 u ita r 020 $a88-384-3126-4 040 $aSeMil$bita 100 1 $aMarinina, Aleksandra Borisovna.$0(OLS)http://semarc/name/110458 240 10$aUbijtsa nonevole.$0(OLS)http://semarc/title/426691 245 12$aL'amica di famiglia /$cAlexandra Marinina ; traduzione di Emanuela Guercetti. 264 1$aCasale Monferrato (AL) :$bPiemme,$c1998. 300 $a309 p. ;$c23 cm 500 $aIn cop.: Anastasija Kamenskaja, polizia di Mosca 700 1 $aGuercetti, Emanuela,$etraduttore.$0(OLS)http://semarc/name/110465 850 $aSeMil 852 $aSeMil$W1$xVenegono$y1$m1V IV 307$j218966$B230801$CSeMilBibl$Z2$F230801 $81 996 $6020$a88-384-3126-4$9(OLS)http://semarc/number/289127 996 $6245$aL'amica di famiglia$9(OLS)http://semarc/title/426693 996 $6264$aCasale Monferrato (AL) :$bPiemme$9(OLS)http://semarc/publisher/30052 LEADER 01183nam a2200289 i 4500 001 000000121956 003 CaOOAMICUS 005 20190328162154.0 008 040130s2003 it u000 u ita u 013 $a94651 020 $a88-06-16652-2 040 $aSeMil$bita 100 1 $aBinswanger, Ludwig <1881-1966>.$0(OLS)http://semarc/name/34232 240 10$aÜber Ideenflucht.$0(OLS)http://semarc/title/179671 245 10$aSulla fuga delle idee /$cLudwig Binswanger ; introduzione di Stefano Mistura. 260 $aTorino :$bEinaudi,$c2003. 300 $aLX, 271 p. ;$c21 cm. 490 0 $aPiccola Biblioteca Einaudi ;$v167 650 4$aPsichiatria.$0(OLS)http://semarc/subject/1543 700 1 $aMistura, Stefano.$0(OLS)http://semarc/name/50710 830 0$aPiccola biblioteca Einaudi ;$v167.$0(OLS)http://semarc/title/11221 850 $aSeMil 852 $aSeMil$W1$xVenegono$y1$m2O VII 51$j212563$B76994$CSeMilBibl$Z2$F79090 $81 996 $6020$a88-06-16652-2$9(OLS)http://semarc/number/107605 996 $6245$aSulla fuga delle idee$9(OLS)http://semarc/title/179670 996 $6260$aTorino :$bEinaudi$9(OLS)http://semarc/publisher/29884